000 00636nam a22001697a 4500
003 OSt
005 20171010095504.0
008 120730t xxu||||| |||| 00| 0 eng d
040 _aMMSU
_cULS
100 _aViernes, Jonathan S.
_911612
245 _aProduction of useful organic products from bamboo scraps and wood sawdust using Phanerochaete chrysosporium and Trichoderma reesei
_cJonathan S. Viernes
260 _c2008
300 _axviii, 100 leaves
_c28 cm.
500 _aThesis (BS Biology) -- Mariano Marcos State University-College of Arts & Sciences, Batac City
504 _aBibliography: leaves 42-44
942 _2ddc
_cTHEDIS
999 _c9668
_d9668